Shradha-Andhashradha (Record no. 361822)

MARC details
000 -LEADER
fixed length control field 003480000a22001570004500
005 - DATE AND TIME OF LATEST TRANSACTION
control field 20120302064314.0
040 ## - CATALOGING SOURCE
Original cataloging agency Mar
100 ## - MAIN ENTRY--PERSONAL NAME
Personal name Dabholkar,Narendra
245 ## - TITLE STATEMENT
Title Shradha-Andhashradha
250 ## - EDITION STATEMENT
Edition statement 1st
260 ## - PUBLICATION, DISTRIBUTION, ETC. (IMPRINT)
Place of publication, distribution, etc Pune:Rajhansa prakashan,1996.
300 ## - PHYSICAL DESCRIPTION
Extent 134p.
365 ## - TRADE PRICE
Price amount 45/-
650 ## - SUBJECT ADDED ENTRY--TOPICAL TERM
Topical term or geographic name as entry element Shradha,Andhashradha
942 ## - ADDED ENTRY ELEMENTS (KOHA)
Koha item type Book
Holdings
Withdrawn status Lost status Damaged status Not for loan Home library Current library Date acquired Total Checkouts Barcode Date last seen Price effective from
        Institute For Oriental Study, Thane Institute For Oriental Study, Thane 12/02/2009   IOS-M 22875 12/02/2009 12/02/2009